Russia / (Record no. 167837)

MARC details
000 -LEADER
campo de control de longitud fija 00767nam a22002055i 4500
001 - NÚMERO DE CONTROL
campo de control 167837
003 - IDENTIFICADOR DE NÚMERO DE CONTROL
campo de control ES-MaACL
005 - FECHA Y HORA DE LA ÚLTIMA TRANSACCIÓN
campo de control 20230906213615.0
008 - DATOS DE LONGITUD FIJA--INFORMACIÓN GENERAL
campo de control de longitud fija 991130s1878 gw |||| | eng d
040 ## - FUENTE DE CATALOGACIÓN
Centro catalogador/agencia de origen CCPB | B
Lengua de catalogación spa
Centro/agencia transcriptor CCPB | B
100 1# - ENTRADA PRINCIPAL--NOMBRE DE PERSONA
Nombre de persona Wallace, Mackenzie.
9 (RLIN) 133868
245 10 - MENCIÓN DEL TÍTULO
Título Russia /
Mención de responsabilidad, etc. by Mackenzie Wallace.
260 ## - PUBLICACIÓN, DISTRIBUCIÓN, ETC.
Lugar de publicación, distribución, etc. Leipzig :
Nombre del editor, distribuidor, etc. Bernhard Tauchnitz,
Fecha de publicación, distribución, etc. 1878.
300 ## - DESCRIPCIÓN FÍSICA
Extensión 2 v. ;
Dimensiones 17 cm.
490 1# - MENCIÓN DE SERIE
Mención de serie Collection of British authors ;
Designación de volumen o secuencia 1758 ; 1760
752 ## - ENTRADA AGREGADA--NOMBRE JERÁRQUICO DEL LUGAR
País o entidad superior Alemania -
Ciudad Leipzig
830 0# - PUNTO DE ACCESO ADICIONAL DE SERIE-TÍTULO UNIFORME
Título uniforme Collection of British authors ;
Designación de volumen o secuencia 1758 ; 1760
9 (RLIN) 180703
852 ## - LOCALIZACIÓN
Ubicación ES-MaACL
Número de control de estantería G-12875
Nota libre -- Enc. hol.
-- -- Enc. 3 t. en 1 v.
Encuadernación -- Corregir 300: 3 v. (312; 304;: 287 p.) -- 440: Los números de la serie son 1758; 1759; 1760
Holdings
Estatus retirado Estado de pérdida Estado de daño No para préstamo Colección Biblioteca de origen Biblioteca actual Ubicación en estantería Fecha de adquisición Fuente de adquisición Total de préstamos Signatura topográfica completa Código de barras Visto por última vez Precio de reemplazo Tipo de ítem Koha
        Libros del s. XIX Biblioteca del Ateneo de Madrid Biblioteca del Ateneo de Madrid Sala Pecera Planta 3 17/01/2008     G-12875 1176080 23/02/2023 23/02/2023 Libro impreso antiguo